STRATEGY AS PRACTICE AN ACTIVITY BASED A (Record no. 20930)

MARC details
000 -LEADER
fixed length control field 00335nam a2200133Ia 4500
008 - FIXED-LENGTH DATA ELEMENTS--GENERAL INFORMATION
fixed length control field 240624s9999 xx 000 0 und d
041 ## - LANGUAGE CODE
Language code of text/sound track or separate title eng
082 ## - DEWEY DECIMAL CLASSIFICATION NUMBER
Classification number 658.4012 JOH
100 ## - MAIN ENTRY--PERSONAL NAME
Personal name JARZABKOWSKI PAULA
245 ## - TITLE STATEMENT
Title STRATEGY AS PRACTICE AN ACTIVITY BASED A
260 ## - PUBLICATION, DISTRIBUTION, ETC.
Date of publication, distribution, etc. 2005
Name of publisher, distributor, etc. Sage Publications
300 ## - PHYSICAL DESCRIPTION
Extent 216 : p.
365 ## - TRADE PRICE
Currency code
Price amount 28
Holdings
Withdrawn status Lost status Damaged status Not for loan Home library Current library Shelving location Date acquired Source of acquisition Cost, normal purchase price Full call number Barcode Date last seen Copy number Price effective from Koha item type
        IMTN IMTN Rack 28-B 01/31/2013 AP 49.00 658.4012 JOH 20930 06/24/2024 57.6 06/24/2024 Books
Designed & Maintained by: LRC IMT Nagpur Contact: lrc@imtnag.ac.in© 2024. All Rights Reserved.